[Event "Kurgan"]
[Site "Kurgan"]
[Date "1993.??.??"]
[Round "?"]
[White "Fradkin, Boris"]
[Black "Rublevsky, Sergei"]
[Result "0-1"]
[WhiteElo "2385"]
[BlackElo "2525"]
[PlyCount "62"]
[EventDate "1993.12.??"]
[Source "ChessBase"]

1. d4 d5 2. c4 dxc4 3. Nf3 a6 4. e3 Nf6 5. Bxc4 e6 6. O-O c5 7. Qe2 b5 8. Bd3 cxd4 9. exd4 Be7 10. Nc3 Bb7 11. Bg5 O-O 12. Rad1 Nbd7 13. Ne5 Nd5 14. Bd2 Nxc3 15. bxc3 Nxe5 16. Qxe5 Bf6 17. Qh5 g6 18. Qg4 Bd5 19. Bb1 Rc8 20. Rfe1 Rc4 21. Qh3 Ra4 22. Bh6 Re8 23. Rd2 Bg5 24. Bxg5 Qxg5 25. Rde2 Ra3 26. Re5 Qd8 27. Qh6 Bxa2 28. Bxa2 Rxa2 29. d5 Qb6 30. Qf4 Rf8 31. h4 exd5 0-1

[Event "It"]
[Site "Alushta UKR"]
[Date "1999.09.25"]
[Round "8"]
[White "Alekseev, V."]
[Black "Yagupov, I."]
[Result "1-0"]
[WhiteElo "2461"]
[BlackElo "2449"]
[PlyCount "107"]
[EventDate "1999.??.??"]
[Source "www.chesslib.no"]
[SourceDate "2004.05.04"]

1. d4 d5 2. c4 dxc4 3. e3 Nf6 4. Bxc4 e6 5. Nf3 a6 6. O-O c5 7. Qe2 b5 8. Bd3 Bb7 9. dxc5 Bxc5 10. Bxb5+ axb5 11. Qxb5+ Bc6 12. Qxc5 Bxf3 13. gxf3 Ra5 14. Qc2 Rh5 15. Rd1 Nbd7 16. Nd2 Qa8 17. Qd3 O-O 18. e4 Nc5 19. Qe2 e5 20. Nf1 Nb3 21. axb3 Qxa1 22. Ng3 Qa8 23. Nxh5 Nxh5 24. Qb5 Re8 25. Rd5 f6 26. Rd7 Kh8 27. Kg2 Rf8 28. Qc5 h6 29. Qe7 Kh7 30. Qe6 Kh8 31. Qf5 Qc6 32. Bxh6 g6 33. Qh3 f5 34. Bxf8 Qxd7 35. Bh6 Qb7 36. Bg5 Kg8 37. b4 Kf7 38. b5 Ke8 39. Kh1 Qf7 40. Be3 Kd8 41. exf5 gxf5 42. Qh4+ Kc8 43. Qa4 Qd5 44. Qc2+ Kb8 45. Qc6 Qd1+ 46. Kg2 Nf4+ 47. Bxf4 exf4 48. Qb6+ Kc8 49. Qa5 Kb7 50. b6 Qd4 51. Qa7+ Kc6 52. Qc7+ Kb5 53. b7 Ka6 54. b8=N+ 1-0

[Event "Hamburg"]
[Site "?"]
[Date "2005.10.05"]
[Round "5.3"]
[White "Wemmers Xander"]
[Black "Solodovnichenko Yuri"]
[Result "0-1"]
[WhiteElo "2414"]
[BlackElo "2494"]
[PlyCount "62"]
[EventDate "2005.??.??"]
[Source "www.chesslib.no"]
[SourceDate "2004.05.04"]

1. d4 d5 2. c4 dxc4 3. Nf3 e6 4. e3 a6 5. Bxc4 c5 6. O-O Nf6 7. Qe2 b5 8. Bd3 cxd4 9. exd4 Be7 10. Bg5 Bb7 11. Nc3 O-O 12. Rad1 Nbd7 13. Bb1 b4 14. Ne4 Bxe4 15. Bxe4 Nxe4 16. Bxe7 Qxe7 17. Qxe4 Nf6 18. Qe2 Qb7 19. Rc1 Rfc8 20. Rc5 Nd7 21. Rh5 g6 22. Rh4 Nf8 23. Ne5 Qd5 24. Rd1 Ra7 25. Qe3 f5 26. Nd3 Qxa2 27. d5 Rd7 28. Nxb4 Qxb2 29. Rhd4 Rc3 30. Qf4 Qe2 31. dxe6 Qxd1+ 0-1

[Event "Ch Hungary team"]
[Site "?"]
[Date "2001.??.??"]
[Round "6"]
[White "Danner Georg"]
[Black "Krizsany Laszlo"]
[Result "1/2-1/2"]
[WhiteElo "2453"]
[BlackElo "2455"]
[PlyCount "26"]
[EventDate "2001.??.??"]
[Source "www.chesslib.no"]
[SourceDate "2004.05.04"]

1. d4 d5 2. c4 dxc4 3. Nf3 Nf6 4. e3 e6 5. Bxc4 c5 6. O-O a6 7. Qe2 b5 8. Bd3 Bb7 9. a4 b4 10. Rd1 Nbd7 11. Nbd2 Qc7 12. Nc4 Be7 13. Nce5 Nxe5 1/2-1/2

[Event "JUG Team Ch"]
[Site "Cetinje"]
[Date "1992.??.??"]
[Round "?"]
[White "Novoselski, Zoran"]
[Black "Mikhalchishin, Adrian B"]
[Result "1-0"]
[WhiteElo "2370"]
[BlackElo "2530"]
[PlyCount "63"]
[EventDate "1992.??.??"]
[Source "www.chesslib.no"]
[SourceDate "2004.05.04"]

1. d4 d5 2. c4 dxc4 3. e3 Nf6 4. Bxc4 e6 5. Nf3 c5 6. O-O a6 7. Qe2 b5 8. Bd3 Bb7 9. dxc5 Nc6 10. Rd1 Qc7 11. Nbd2 Bxc5 12. a3 Bd6 13. Ne4 Nxe4 14. Bxe4 f5 15. Bb1 Ne5 16. Nd4 Kf7 17. e4 Rhe8 18. exf5 exf5 19. Qh5+ Kg8 20. Qxf5 g6 21. Ba2+ Nc4 22. Qh3 Re4 23. Be3 Rae8 24. Rac1 Bc8 25. Qh6 R8e5 26. b3 Rxe3 27. bxc4 bxc4 28. fxe3 Rh5 29. Bxc4+ Kh8 30. Qxh5 gxh5 31. Be6 Bxh2+ 32. Kh1 1-0

[Event "Spring op"]
[Site "Budapest"]
[Date "1990.??.??"]
[Round "3"]
[White "Neverov, Valeriy"]
[Black "Vaulin, Alexander"]
[Result "1-0"]
[WhiteElo "2505"]
[BlackElo "2390"]
[PlyCount "75"]
[EventDate "1990.??.??"]
[Source "ChessBase"]

1. d4 d5 2. c4 dxc4 3. Nf3 Nf6 4. e3 c5 5. Bxc4 e6 6. O-O a6 7. Qe2 b5 8. Bd3 Bb7 9. a4 bxa4 10. Rxa4 cxd4 11. Rxd4 Nbd7 12. Nc3 Bc5 13. Ra4 a5 14. e4 Qb8 15. e5 Bxf3 16. Qxf3 Nxe5 17. Bb5+ Ke7 18. Qe2 Ng6 19. Bc6 Ra7 20. Rc4 Bd6 21. Be3 Ra6 22. Bb5 Ra8 23. Rd1 Rd8 24. Rcd4 Qc7 25. h4 Kf8 26. h5 Ne7 27. h6 Be5 28. Rc4 Rxd1+ 29. Qxd1 Qb7 30. Rc5 Bxc3 31. bxc3 Rc8 32. Qd6 Nfg8 33. hxg7+ Kxg7 34. Bd4+ Kf8 35. Rg5 f6 36. Rxg8+ Kxg8 37. Bd7 Qc7 38. Qxe7 1-0

[Event "Chigorin mem op"]
[Site "St Petersburg"]
[Date "2000.11.04"]
[Round "4"]
[White "Simantsev, Mikhail"]
[Black "Vorobiov, Evgeny E"]
[Result "0-1"]
[WhiteElo "2403"]
[BlackElo "2488"]
[PlyCount "68"]
[EventDate "2000.10.31"]
[Source "www.chesslib.no"]
[SourceDate "2004.05.04"]

1. d4 d5 2. Nf3 e6 3. e3 Nf6 4. c4 dxc4 5. Bxc4 c5 6. O-O a6 7. Qe2 b5 8. Bd3 cxd4 9. exd4 Be7 10. Nc3 Bb7 11. Bg5 O-O 12. Rad1 Nbd7 13. Ne5 Nd5 14. Bd2 Nxc3 15. Bxc3 Nf6 16. Bb1 Qd5 17. f3 b4 18. Be1 a5 19. Nc4 Ba6 20. b3 Rac8 21. Bd3 Qxd4+ 22. Bf2 Qf4 23. Nxa5 Bxd3 24. Rxd3 Bc5 25. Nc4 Nd5 26. Bxc5 Rxc5 27. Qd2 Qf6 28. Re1 h5 29. Rd4 Ra8 30. Qf2 Rxa2 31. Qxa2 Qxd4+ 32. Qf2 Qc3 33. Rb1 Rc8 34. Nd6 Qd3 0-1

[Event "Petrov mem op"]
[Site "St Petersburg"]
[Date "2002.02.14"]
[Round "3"]
[White "Kruppa, Yuri"]
[Black "Torbin, Kirill"]
[Result "1/2-1/2"]
[WhiteElo "2551"]
[BlackElo "2337"]
[PlyCount "73"]
[EventDate "2002.02.12"]
[Source "ChessBase"]
[SourceDate "2002.03.14"]

1. d4 d5 2. c4 dxc4 3. Nf3 Nf6 4. e3 e6 5. Bxc4 a6 6. O-O c5 7. Qe2 b5 8. Bd3 cxd4 9. Rd1 Be7 10. Nxd4 O-O 11. a4 bxa4 12. Rxa4 Qb6 13. Nd2 Nc6 14. Nc4 Qc5 15. Nxc6 Qxc6 16. Ra1 Nd5 17. Bd2 Nb4 18. Na5 Qb6 19. Be4 Ra7 20. Bc3 Qb5 21. Qg4 g6 22. Bxg6 fxg6 23. Qd4 Bc5 24. Qh8+ Kf7 25. Qf6+ Kg8 26. Qh8+ Kf7 27. Qf6+ Kg8 28. Rd8 e5 29. Rxc8 Rxc8 30. Qe6+ Rf7 31. Qxc8+ Bf8 32. Qc4 Nd3 33. Rf1 Bc5 34. g3 Bb6 35. Kg2 Bxa5 36. Qxb5 axb5 37. Bxa5 1/2-1/2

[Event "Capablanca mem Premier 33rd"]
[Site "Havana"]
[Date "1998.05.09"]
[Round "3"]
[White "Franco Ocampos, Zenon"]
[Black "Rivera, Alberto"]
[Result "1-0"]
[WhiteElo "2465"]
[BlackElo "2415"]
[PlyCount "133"]
[EventDate "1998.05.07"]
[Source "ChessBase"]
[SourceDate "1998.08.06"]

1. d4 Nf6 2. Nf3 d5 3. c4 dxc4 4. e3 e6 5. Bxc4 c5 6. O-O a6 7. Qe2 b5 8. Bd3 Nbd7 9. a4 b4 10. Nbd2 Bb7 11. Nc4 Be7 12. a5 O-O 13. Rd1 Qc7 14. Bd2 Be4 15. Bxe4 Nxe4 16. Rac1 Qb7 17. Nfe5 Nef6 18. dxc5 Bxc5 19. Nxd7 Nxd7 20. Ne5 Nxe5 21. Rxc5 Nd7 22. Rc4 Qb5 23. Kf1 Ne5 24. Rxb4 Qxa5 25. Bc3 Qc7 26. Rbd4 Nc6 27. Qc4 Rfc8 28. Rd6 Qb6 29. Qg4 Qb5+ 30. Kg1 e5 31. h4 Kh8 32. R1d5 Qb8 33. Qf5 f6 34. Qg4 Rd8 35. Rd7 Rxd7 36. Rxd7 Qg8 37. h5 h6 38. Rc7 Na7 39. Ba5 Nb5 40. Rd7 Qh7 41. Kh2 Rg8 42. Qg6 Ra8 43. Kg3 Na7 44. Rc7 Nb5 45. Qxh7+ Kxh7 46. Rc6 Kg8 47. Kg4 Kf7 48. Kf5 Ra7 49. Ke4 Ke7 50. Kf5 Kf7 51. g4 Rd7 52. Ke4 Nd6+ 53. Kf3 e4+ 54. Kf4 Nb7 55. Bc3 Nd8 56. Rxa6 Ne6+ 57. Kg3 Rd1 58. Ra7+ Kg8 59. Re7 Ng5 60. Kg2 Rb1 61. Bd4 Kh8 62. Kg3 Rg1+ 63. Kf4 Rf1 64. Kf5 Kh7 65. f4 exf3 66. Bxf6 Kg8 67. Bxg5 1-0

[Event "Sverdlovsk"]
[Site "Sverdlovsk"]
[Date "1989.??.??"]
[Round "?"]
[White "Rashkovsky, Nukhim N"]
[Black "Janovsky, Sergey"]
[Result "1/2-1/2"]
[WhiteElo "2520"]
[BlackElo "2360"]
[PlyCount "23"]
[EventDate "1989.10.??"]
[Source "www.chesslib.no"]
[SourceDate "2004.05.04"]

1. d4 d5 2. c4 dxc4 3. Nf3 Nf6 4. e3 e6 5. Bxc4 c5 6. O-O a6 7. Qe2 b5 8. Bd3 cxd4 9. exd4 Be7 10. Nc3 O-O 11. Ne4 Nbd7 12. Bf4 1/2-1/2

[Event "Berliner Sommer"]
[Site "Berlin"]
[Date "1995.??.??"]
[Round "4"]
[White "Neverov, Valeriy"]
[Black "Ahlander, Bjorn"]
[Result "1-0"]
[WhiteElo "2485"]
[BlackElo "2385"]
[PlyCount "87"]
[EventDate "1995.08.??"]
[Source "ChessBase"]

1. d4 d5 2. c4 dxc4 3. Nf3 Nf6 4. e3 e6 5. Bxc4 c5 6. O-O a6 7. Qe2 b5 8. Bd3 Bb7 9. a4 bxa4 10. Rxa4 cxd4 11. Rxd4 Qb6 12. Nbd2 Nc6 13. Rh4 Be7 14. Nc4 Qc7 15. e4 Nd7 16. Rg4 Bf6 17. b3 O-O 18. Ba3 Be7 19. Bb2 f6 20. e5 f5 21. Rg3 Nc5 22. Nd6 Nxd3 23. Qxd3 Nb4 24. Qd2 f4 25. Rg4 Bxf3 26. gxf3 a5 27. Rc1 Qd8 28. Kh1 Bg5 29. Ba3 Rb8 30. Bxb4 axb4 31. Rc4 Bh6 32. Rg1 Qa5 33. Qe2 g6 34. Rgc1 Bg7 35. Rc5 Qa3 36. Qc4 Qa7 37. Qxe6+ Kh8 38. Kg2 h6 39. Rc7 Qd4 40. Qxg6 Qxe5 41. Nf7+ Rxf7 42. Rxf7 Qd4 43. Rcc7 Rg8 44. Kh3 1-0

[Event "Novosibirsk"]
[Site "Novosibirsk RUS"]
[Date "1989.??.??"]
[Round "?"]
[White "Kalinitschew, Sergey L"]
[Black "Baburin, Alexander E"]
[Result "1/2-1/2"]
[WhiteElo "2455"]
[BlackElo "2415"]
[PlyCount "36"]
[EventDate "1989.??.??"]
[Source "www.chesslib.no"]
[SourceDate "2004.05.04"]

1. d4 d5 2. c4 dxc4 3. Nf3 a6 4. e3 e6 5. Bxc4 c5 6. O-O Nf6 7. Qe2 b5 8. Bd3 cxd4 9. Nxd4 Bb7 10. a4 bxa4 11. Rxa4 Bc5 12. Rd1 Qb6 13. Nc3 Nbd7 14. Bc2 O-O 15. Nb3 Bb4 16. Ra1 Rac8 17. Bd2 a5 18. f3 Nc5 1/2-1/2

[Event "North American Open"]
[Site "Las Vegas"]
[Date "2003.12.26"]
[Round "1"]
[White "Fang, Joseph H"]
[Black "Baburin, Alexander"]
[Result "0-1"]
[WhiteElo "2325"]
[BlackElo "2541"]
[PlyCount "66"]
[EventDate "2003.12.26"]
[Source "Roberto Alvarez"]
[SourceDate "2004.01.05"]

1. Nf3 d5 2. d4 e6 3. c4 dxc4 4. e3 c5 5. Bxc4 a6 6. O-O Nf6 7. Qe2 b5 8. Bd3 cxd4 9. exd4 Be7 10. Rd1 O-O 11. Bg5 Bb7 12. a4 bxa4 13. Rxa4 a5 14. Nc3 Nc6 15. d5 Nxd5 16. Qe4 g6 17. Qh4 Ne5 18. Nxe5 Bxg5 19. Qg3 Bf6 20. h4 Bg7 21. h5 Nxc3 22. bxc3 Qc7 23. f4 Rfd8 24. hxg6 hxg6 25. Rc4 Qe7 26. Rb1 Rac8 27. Rxc8 Rxc8 28. c4 Rd8 29. Nxg6 fxg6 30. Qxg6 Bc6 31. Rb2 Qf6 32. Qh7+ Kf8 33. Rf2 Qh6 0-1

[Event "2nd League TCh-SCG"]
[Site "Belgrade"]
[Date "2003.09.28"]
[Round "2"]
[White "Arsovic, Zoran"]
[Black "Mozetic, Dejan"]
[Result "1/2-1/2"]
[WhiteElo "2418"]
[BlackElo "2448"]
[PlyCount "68"]
[EventDate "2003.09.27"]
[Source "Roberto Alvarez"]
[SourceDate "2003.10.13"]

1. d4 d5 2. Nf3 Nf6 3. c4 dxc4 4. e3 e6 5. Bxc4 c5 6. O-O a6 7. Qe2 b5 8. Bd3 Bb7 9. dxc5 Bxc5 10. Bxb5+ Nbd7 11. Bd3 Qc7 12. Nc3 O-O 13. Bd2 Rfd8 14. Rfd1 Ne5 15. Nxe5 Qxe5 16. Bc2 h5 17. Kh1 Ng4 18. f4 Qf6 19. Be4 Qh4 20. g3 Qe7 21. Qf3 Rab8 22. h3 Nf6 23. Bxb7 Qxb7 24. Qxb7 Rxb7 25. Na4 Ba7 26. Ba5 Rxd1+ 27. Rxd1 Bxe3 28. Rd8+ Kh7 29. h4 Rb5 30. Be1 Rd5 31. Rxd5 exd5 32. Kg2 Ne4 33. Nc3 Nxc3 34. Bxc3 d4 1/2-1/2

[Event "Tirnavia"]
[Site "Trnava"]
[Date "1984.??.??"]
[Round "6"]
[White "Plachetka, Jan"]
[Black "Dobrovolsky, Ladislav"]
[Result "0-1"]
[WhiteElo "2440"]
[BlackElo "2425"]
[PlyCount "66"]
[EventDate "1984.03.??"]
[Source "ChessBase"]

1. d4 d5 2. c4 dxc4 3. e3 Nf6 4. Bxc4 e6 5. Nf3 c5 6. O-O a6 7. Qe2 b5 8. Bd3 cxd4 9. exd4 Bb7 10. a4 bxa4 11. Rxa4 Be7 12. Nbd2 O-O 13. Nb3 Bc6 14. Ra1 Qb6 15. Na5 Bb5 16. Nc4 Qb7 17. Nfe5 Nc6 18. Qf3 Rab8 19. Qh3 Nb4 20. Bb1 Bxc4 21. Nxc4 Qd5 22. b3 g6 23. Bf4 Rb5 24. Be5 Nd7 25. Ne3 Qc6 26. Ng4 Nxe5 27. dxe5 h5 28. Nf6+ Bxf6 29. exf6 e5 30. Qh4 Nd5 31. Bd3 Nf4 32. Qg3 Rxb3 33. Rxa6 Qd5 0-1

[Event "VAM Hoogeveen op"]
[Site "Hoogeveen"]
[Date "1998.10.16"]
[Round "1"]
[White "Golod, Vitali"]
[Black "Jonkman, Harmen"]
[Result "1-0"]
[WhiteElo "2555"]
[BlackElo "2310"]
[PlyCount "69"]
[EventDate "1998.09.??"]
[Source "www.chesslib.no"]
[SourceDate "2004.05.04"]

1. d4 d5 2. c4 dxc4 3. Nf3 Nf6 4. e3 e6 5. Bxc4 c5 6. O-O a6 7. Qe2 b5 8. Bd3 cxd4 9. exd4 Be7 10. Bg5 Bb7 11. Nc3 O-O 12. Rad1 Nbd7 13. Rfe1 b4 14. d5 Qa5 15. Bxf6 Nxf6 16. dxe6 bxc3 17. exf7+ Kh8 18. Qxe7 Bxf3 19. gxf3 Qxa2 20. bxc3 Rxf7 21. Qc5 Rd7 22. Ra1 Qd2 23. Bxa6 Rd5 24. Qe3 Qb2 25. Reb1 Qd2 26. Bc4 Rxa1 27. Rxa1 Qxe3 28. fxe3 Rd8 29. e4 h6 30. e5 Ng8 31. Ra7 Kh7 32. Be6 Kg6 33. f4 Rf8 34. f5+ Kh7 35. c4 1-0

[Event "Mondariz 09"]
[Site "?"]
[Date "1995.??.??"]
[Round "?"]
[White "Franco Ocampos Zenon"]
[Black "Solana Suarez Ernesto"]
[Result "1/2-1/2"]
[WhiteElo "2480"]
[BlackElo "2385"]
[PlyCount "85"]
[EventDate "1995.??.??"]
[Source "www.chesslib.no"]
[SourceDate "2004.05.04"]

1. Nf3 d5 2. c4 dxc4 3. e3 Nf6 4. Bxc4 e6 5. d4 c5 6. O-O a6 7. Qe2 b5 8. Bd3 Bb7 9. dxc5 Nc6 10. b4 Nxb4 11. Bxb5+ Nc6 12. Ba4 Bxc5 13. Qc2 Qb6 14. Bb2 O-O 15. Bxf6 gxf6 16. Nbd2 Nb4 17. Qc4 Be7 18. Rab1 Qa5 19. a3 Qxa4 20. axb4 Rac8 21. Qh4 Qc2 22. Nb3 Qg6 23. Kh1 Be4 24. Rbd1 Rc4 25. Rd4 Rxd4 26. Nbxd4 Bxb4 27. Ne2 Bd6 28. Rd1 Bb8 29. Rd4 f5 30. Nf4 Bxf4 31. Qxf4 Bxf3 32. Qxf3 Rb8 33. h3 Kh8 34. Rd6 Rg8 35. Rxa6 h6 36. g3 Kh7 37. Kh2 Rg7 38. Ra7 Qg5 39. Qd1 Qf6 40. Qd6 Rg8 41. Kg2 Kg7 42. Rd7 Rc8 43. Qd4 1/2-1/2

[Event "ARG-ch"]
[Site "Buenos Aires"]
[Date "1998.04.15"]
[Round "1"]
[White "Szmetan, Jorge"]
[Black "Gomez Baillo, Jorge H"]
[Result "0-1"]
[WhiteElo "2420"]
[BlackElo "2440"]
[PlyCount "152"]
[EventDate "1998.04.15"]
[Source "ChessBase"]
[SourceDate "1998.08.06"]

1. d4 d5 2. c4 dxc4 3. Nf3 Nf6 4. e3 e6 5. Bxc4 a6 6. O-O c5 7. Qe2 b5 8. Bd3 cxd4 9. exd4 Be7 10. a4 bxa4 11. Rxa4 O-O 12. Nc3 Bb7 13. Bg5 Nc6 14. Rd1 Nd5 15. Ne4 Bxg5 16. Nexg5 h6 17. Ne4 Nf4 18. Qe3 Nxd3 19. Qxd3 Ne7 20. Nc5 Bc6 21. Ra3 a5 22. Ne5 Qd5 23. f3 Rfd8 24. b3 Nf5 25. g4 Nh4 26. Kf2 Ng6 27. Nxg6 fxg6 28. Qe4 e5 29. Qxd5+ Rxd5 30. Ne6 Rb8 31. f4 Bd7 32. f5 Bxe6 33. fxe6 Re8 34. Rda1 Rxe6 35. Rxa5 Rxd4 36. Ra8+ Kh7 37. R1a4 Rd2+ 38. Kg1 g5 39. Re4 Rc6 40. Ra1 Rcc2 41. h3 Rg2+ 42. Kh1 Rh2+ 43. Kg1 Rcg2+ 44. Kf1 Rb2 45. Kg1 Rxh3 46. b4 Rg3+ 47. Kh1 Rh3+ 48. Kg1 Rhb3 49. Ra5 Rxb4 50. Raxe5 Rxe4 51. Rxe4 Kg6 52. Ra4 Kf6 53. Kf1 Ke5 54. Ke1 Rc2 55. Rb4 Kd5 56. Rb7 Rc4 57. Rxg7 Rxg4 58. Kf2 Ke5 59. Ra7 Rf4+ 60. Kg3 h5 61. Ra5+ Kf6 62. Ra6+ Kf5 63. Ra5+ Kg6 64. Ra6+ Rf6 65. Ra4 Rb6 66. Kg2 h4 67. Rc4 Kh5 68. Rc8 Rf6 69. Ra8 Kg4 70. Ra4+ Rf4 71. Ra3 Rb4 72. Ra2 h3+ 73. Kh2 Kh4 74. Ra8 Rb2+ 75. Kg1 g4 76. Ra7 Rb1+ 0-1

[Event "Sarajevo"]
[Site "?"]
[Date "1980.03.19"]
[Round "4"]
[White "Lengyel Levente"]
[Black "Osmanovic Kemal"]
[Result "1/2-1/2"]
[WhiteElo "2445"]
[BlackElo "2405"]
[PlyCount "22"]
[EventDate "1980.??.??"]
[Source "www.chesslib.no"]
[SourceDate "2004.05.04"]

1. Nf3 d5 2. d4 Nf6 3. c4 dxc4 4. e3 a6 5. Bxc4 e6 6. O-O c5 7. Qe2 b5 8. Bd3 cxd4 9. exd4 Bb7 10. a4 b4 11. Nbd2 Nc6 1/2-1/2

[Event "Capablanca mem-B"]
[Site "Cienfuegos"]
[Date "1996.??.??"]
[Round "9"]
[White "Alvarez, Jose"]
[Black "Vilela, Jose Luis"]
[Result "1/2-1/2"]
[WhiteElo "2415"]
[BlackElo "2435"]
[PlyCount "31"]
[EventDate "1996.05.??"]
[Source "ChessBase"]

1. d4 d5 2. Nf3 Nf6 3. c4 dxc4 4. e3 e6 5. Bxc4 c5 6. O-O a6 7. Qe2 b5 8. Bd3 cxd4 9. exd4 Be7 10. a4 bxa4 11. Rxa4 O-O 12. Nc3 Bb7 13. Rd1 a5 14. Ne5 Nbd7 15. Bb5 Nb6 16. Ra1 1/2-1/2

[Event "Kecskemet Dutep"]
[Site "Kecskemet"]
[Date "1988.??.??"]
[Round "?"]
[White "Hertneck, Gerald"]
[Black "Klundt, Klaus"]
[Result "1-0"]
[WhiteElo "2435"]
[BlackElo "2410"]
[PlyCount "53"]
[EventDate "1988.10.18"]
[Source "ChessBase"]

1. d4 d5 2. c4 dxc4 3. Nf3 a6 4. e3 Nf6 5. Bxc4 e6 6. O-O c5 7. Qe2 b5 8. Bd3 Nc6 9. a4 bxa4 10. Nc3 Bb7 11. Rd1 Qc7 12. Rxa4 Nb4 13. Bb1 Be7 14. e4 cxd4 15. Nxd4 O-O 16. e5 Nd7 17. Bf4 Rfd8 18. Ne4 Nc5 19. Nd6 Nxa4 20. Bxh7+ Kf8 21. Qh5 Bxd6 22. exd6 Qc5 23. Bf5 Rxd6 24. Bxd6+ Qxd6 25. Nxe6+ fxe6 26. Rxd6 exf5 27. Re6 1-0

[Event "Manila ol (Men)"]
[Site "Manila PHI"]
[Date "1992.??.??"]
[Round "?"]
[White "Martin, Benjamin"]
[Black "Sisniega, Marcel"]
[Result "1/2-1/2"]
[WhiteElo "2320"]
[BlackElo "2525"]
[PlyCount "151"]
[EventDate "1992.06.??"]
[Source "www.chesslib.no"]
[SourceDate "2004.05.04"]

1. d4 d5 2. c4 dxc4 3. Nf3 Nf6 4. e3 c5 5. Bxc4 e6 6. O-O a6 7. Qe2 b5 8. Bd3 cxd4 9. exd4 Bb7 10. Nc3 Be7 11. Be3 O-O 12. Rac1 Nbd7 13. Rfd1 Rc8 14. a3 Nb6 15. Bg5 Nbd5 16. Ne4 Nxe4 17. Qxe4 g6 18. Bh6 Re8 19. h4 Qb6 20. Rxc8 Rxc8 21. Qe2 Bf6 22. h5 Ne7 23. hxg6 hxg6 24. Be3 Qd6 25. Ne5 Bxe5 26. dxe5 Qxe5 27. Qg4 Rd8 28. Bg5 Rd4 29. Qg3 Qxg3 30. fxg3 Nd5 31. Kf2 f6 32. Bc1 Kg7 33. Be2 Rxd1 34. Bxd1 Ne7 35. Bd2 Bd5 36. Be2 e5 37. a4 Bc4 38. Bd1 Kf7 39. axb5 axb5 40. Bc2 Ke6 41. g4 g5 42. Be4 Bd5 43. Bd3 Bc6 44. Bb4 Nd5 45. Bf5+ Kf7 46. Bd6 Nb6 47. Bb4 Nd5 48. Bc5 Ne7 49. Bd3 Bd7 50. Be2 Ng6 51. Bf3 e4 52. Bxe4 Ne5 53. Kg3 Bxg4 54. Kf2 Ke6 55. Bd4 Bd1 56. g3 Bb3 57. Ke3 Bd5 58. Bd3 Bc6 59. Bf1 Nf7 60. Bd3 Ne5 61. Bf1 Ng4+ 62. Kd2 Kd5 63. Bb6 f5 64. Bc7 Ke6 65. Bb8 Ne5 66. Ke3 Nd7 67. Bc7 Nc5 68. Bd8 g4 69. Bb6 Nb7 70. Bd3 Nd6 71. Bc5 Ne4 72. Bxe4 Bxe4 73. Bd4 Kd5 74. Bg7 Kc4 75. Kf4 Kd3 76. Bh8 1/2-1/2

[Event "Beograd"]
[Site "?"]
[Date "1988.??.??"]
[Round "?"]
[White "Huzman, A."]
[Black "Lin Ta"]
[Result "0-1"]
[WhiteElo "2465"]
[BlackElo "2380"]
[PlyCount "56"]
[EventDate "1988.??.??"]
[Source "ChessBase"]
[SourceDate "1988.07.01"]

1. d4 d5 2. c4 dxc4 3. Nf3 a6 4. e3 e6 5. Bxc4 c5 6. O-O Nf6 7. Qe2 b5 8. Bd3 cxd4 9. exd4 Bb7 10. a4 b4 11. Bg5 Nc6 12. Bxf6 gxf6 13. Rd1 Ne7 14. Nbd2 Nd5 15. Qe4 Be7 16. Nb3 f5 17. Qe5 Bf6 18. Qg3 Ne7 19. Nc5 Bd5 20. Bxa6 Rxa6 21. Nxa6 Rg8 22. Qf4 Ng6 23. Qc7 Qa8 24. Qd6 Bd8 25. Rdc1 Nh4 26. Nc7+ Bxc7 27. Rxc7 Nxf3+ 28. Kf1 Bc4+ 0-1

[Event "Tavasz"]
[Site "Kecskemet"]
[Date "1997.??.??"]
[Round "2"]
[White "Prusikhin, Mihailo"]
[Black "Gyimesi, Zoltan"]
[Result "1/2-1/2"]
[WhiteElo "2340"]
[BlackElo "2500"]
[PlyCount "84"]
[EventDate "1997.04.??"]
[Source "ChessBase"]
[SourceDate "1997.07.29"]

1. d4 d5 2. c4 dxc4 3. e3 c5 4. Bxc4 e6 5. Nf3 a6 6. Qe2 Nf6 7. O-O b5 8. Bd3 Bb7 9. dxc5 Nc6 10. Rd1 Qc7 11. a3 Bxc5 12. b4 Be7 13. Bb2 O-O 14. Nbd2 Rac8 15. Rac1 Rfd8 16. Nb3 Qb8 17. Nc5 Bxc5 18. Rxc5 Ne7 19. Rxc8 Qxc8 20. Nd2 Ng6 21. f3 Nd7 22. Ne4 Bxe4 23. Bxe4 Nb6 24. Rxd8+ Qxd8 25. Qd3 Qxd3 26. Bxd3 e5 27. h4 f6 28. h5 Ne7 29. Kf2 g6 30. f4 exf4 31. exf4 Kf7 32. g4 f5 33. Bd4 Nbd5 34. Kg3 fxg4 35. Kxg4 gxh5+ 36. Kf3 Nc6 37. Bc5 Ke6 38. Bxh7 Nf6 39. Bc2 Nd7 40. Bf2 Nf6 41. Bb3+ Kf5 42. Bc2+ Ke6 1/2-1/2

[Event "Calcutta op"]
[Site "Calcutta"]
[Date "1996.??.??"]
[Round "1"]
[White "Soman, Satchidanand"]
[Black "Barua, Dibyendu"]
[Result "0-1"]
[WhiteElo "2320"]
[BlackElo "2520"]
[PlyCount "63"]
[EventDate "1996.02.??"]
[Source "ChessBase"]

1. d4 d5 2. c4 dxc4 3. Nf3 Nf6 4. e3 e6 5. Bxc4 c5 6. O-O a6 7. Qe2 b5 8. Bd3 Bb7 9. Rd1 Nbd7 10. a4 c4 11. Bc2 Be7 12. b3 cxb3 13. Bxb3 O-O 14. Nbd2 bxa4 15. Bxa4 Nb6 16. Bb3 a5 17. e4 a4 18. Bc2 Qc7 19. Nb1 Rfc8 20. Ne1 Qc6 21. f3 Nc4 22. Na3 Na5 23. Bb2 Ba6 24. Qd2 Nb3 25. Bxb3 axb3 26. Nd3 Qb6 27. Rdc1 h6 28. Ne5 Bb4 29. Qe3 Bf8 30. Qd2 Bb4 31. Qd1 Bxa3 32. Rxa3 0-1

[Event "Wch U26"]
[Site "Odessa UKR"]
[Date "1990.??.??"]
[Round "78"]
[White "Neverov, Valeriy"]
[Black "Bus, Mariusz"]
[Result "1/2-1/2"]
[WhiteElo "2505"]
[BlackElo "2335"]
[PlyCount "91"]
[EventDate "1990.??.??"]
[Source "www.chesslib.no"]
[SourceDate "2004.05.04"]

1. d4 d5 2. c4 dxc4 3. Nf3 Nf6 4. e3 e6 5. Bxc4 c5 6. O-O a6 7. Qe2 b5 8. Bd3 cxd4 9. exd4 Be7 10. a4 bxa4 11. Rxa4 Bb7 12. Be3 O-O 13. Nbd2 a5 14. Nc4 Nc6 15. Rfa1 Bb4 16. Rd1 Ne7 17. Bg5 Ned5 18. Nfe5 h6 19. Bd2 Nd7 20. Qe4 N7f6 21. Qe1 Nf4 22. Bf1 N6d5 23. g3 f6 24. Nd3 Qe8 25. Nxf4 Qxa4 26. Qxe6+ Rf7 27. Nxd5 Qxd1 28. Bxb4 axb4 29. Ne7+ Kf8 30. Ng6+ Kg8 31. Ne7+ Kf8 32. Ng6+ Kg8 33. Nd6 Kh7 34. Qxf7 Ba6 35. Nc4 Bxc4 36. Qxc4 Kxg6 37. Qc6 Ra1 38. Qe4+ Kf7 39. Qd5+ Kf8 40. Qd8+ Kf7 41. Qd5+ Kg6 42. Qe4+ Kf7 43. Qd5+ Ke7 44. Qc5+ Ke6 45. Qc6+ Kf5 46. Qd5+ 1/2-1/2

[Event "Open"]
[Site "St Martin open"]
[Date "1991.??.??"]
[Round "4"]
[White "Legky, Nikolay A"]
[Black "Rausis, Igors"]
[Result "1/2-1/2"]
[WhiteElo "2400"]
[BlackElo "2440"]
[PlyCount "72"]
[EventDate "1991.??.??"]
[Source "www.chesslib.no"]
[SourceDate "2004.05.04"]

1. d4 d5 2. c4 dxc4 3. e3 Nf6 4. Bxc4 e6 5. Nf3 c5 6. Qe2 a6 7. O-O b5 8. Bd3 Bb7 9. a4 b4 10. dxc5 Bxc5 11. Nbd2 Nbd7 12. b3 O-O 13. Bb2 Nd5 14. Rac1 Be7 15. Rfd1 Nc5 16. Bb1 Rc8 17. e4 Nf4 18. Qe3 Ng6 19. h4 h5 20. Nc4 Qc7 21. Nce5 Nxe5 22. Nxe5 Rfd8 23. Rxd8+ Qxd8 24. Qf3 Qe8 25. Qxh5 Nxb3 26. Rxc8 Bxc8 27. Ng4 Qd8 28. Bc2 Qd2 29. Ne5 Qe1+ 30. Kh2 Qxf2 31. Bxb3 Bxh4 32. Qf3 Qxb2 33. Qxf7+ Kh7 34. Qg6+ Kh8 35. Nf7+ Kg8 36. Nh6+ Kh8 1/2-1/2